000 00290nam a22001337a 4500
008 170327b xxu||||| |||| 00| 0 eng d
020 _a9780471347958
041 _aeng
080 _a615.83
100 _a8
101 _aSHM
245 _aOVERMING INCONTINENCE
_cDIERICH.M
942 _2udc
_cBK
999 _c8741
_d8741